La moneda mexicana (Record no. 153)

MARC details
000 -CABECERA
campo de control de longitud fija 00984nam a2200253 a 4500
001 - NÚMERO DE CONTROL
campo de control BRCA_182
005 - FECHA Y HORA DE LA ÚLTIMA TRANSACCIÓN
campo de control 20190320202918.0
008 - DATOS DE LONGITUD FIJA--INFORMACIÓN GENERAL
campo de control de longitud fija 960916s1972 mx-a---##b---#001-0#spa-d
040 ## - FUENTE DE LA CATALOGACIÓN
Centro catalogador/agencia de origen MnU
Lengua de catalogación eng
Centro/agencia transcriptor CaOTULAS
Centro/agencia modificador DLC
050 #4 - SIGNATURA TOPOGRÁFICA DE LA BIBLIOTECA DEL CONGRESO
Número de clasificación CJ1896
Número de documento/Ítem .S59 1972
100 1# - ENTRADA PRINCIPAL--NOMBRE DE PERSONA
Nombre de persona Sobrino, José Manuel
9 (RLIN) 669
245 10 - MENCIÓN DE TÍTULO
Título La moneda mexicana
Resto del título su historia
Mención de responsabilidad, etc. por José Manuel Sobrino ; fotos de Roberto Reyes Bernal.
260 ## - PUBLICACIÓN, DISTRIBUCIÓN, ETC.
Lugar de publicación, distribución, etc. México
Nombre del editor, distribuidor, etc. Banco de México
Fecha de publicación, distribución, etc. 1972
300 ## - DESCRIPCIÓN FÍSICA
Extensión 331 p.
Otras características físicas il.
Dimensiones 24 cm.
500 ## - NOTA GENERAL
Nota general Incluye índice alfabético
500 ## - NOTA GENERAL
Nota general Incluye glosario de términos utilizados en la numismática de México
500 ## - NOTA GENERAL
Nota general Incluye apéndices: Ordenanzas sobre la moneda de plata y vellán. Decreto de Morelos sobre acuñación de moneda. Reforma monetaria de 1905
504 ## - NOTA DE BIBLIOGRAFÍA, ETC.
Nota de bibliografía, etc. Bibliografía: p. 317-319.
650 14 - PUNTO DE ACCESO ADICIONAL DE MATERIA--TÉRMINO DE MATERIA
Término de materia o nombre geográfico como elemento de entrada Monedas mexicanas
Subdivisión general Historia
9 (RLIN) 670
650 14 - PUNTO DE ACCESO ADICIONAL DE MATERIA--TÉRMINO DE MATERIA
Término de materia o nombre geográfico como elemento de entrada Dinero
Subdivisión general Historia
Subdivisión geográfica México
9 (RLIN) 671
653 0# - TÉRMINO DE INDIZACIÓN--NO CONTROLADO
Término no controlado Numismática
700 1# - PUNTO DE ACCESO ADICIONAL--NOMBRE DE PERSONA
Nombre de persona Reyes Bernal, Roberto
9 (RLIN) 672
942 ## - ELEMENTOS DE PUNTO DE ACCESO ADICIONAL (KOHA)
Fuente del sistema de clasificación o colocación Library of Congress Classification
Tipo de ítem Koha Libros
Holdings
Estado de retiro Estado de pérdida Estado dañado No para préstamo Localización permanente Ubicación/localización actual Fecha de adquisición Total de préstamos Signatura topográfica completa Código de barras Fecha visto por última vez Precio válido a partir de Tipo de ítem Koha
El ejemplar forma parte de la colección y puede ser consultado según las políticas vigentes.       Biblioteca del Museo Franz Mayer (Rogerio Casas-Alatriste) Biblioteca del Museo Franz Mayer (Rogerio Casas-Alatriste) 25/06/2008   CJ1896 .S59 1972 00247 22/03/2019 22/03/2019 Libros